<?xml version="1.0" encoding="UTF-8"?>
<record
    xmlns:xsi="http://www.w3.org/2001/XMLSchema-instance"
    xsi:schemaLocation="http://www.loc.gov/MARC21/slim http://www.loc.gov/standards/marcxml/schema/MARC21slim.xsd"
    xmlns="http://www.loc.gov/MARC21/slim">

  <leader>00729nam a22002297a 4500</leader>
  <controlfield tag="008">240525b        mp ||||| |||| 00| 0 mon d</controlfield>
  <datafield tag="020" ind1=" " ind2=" ">
    <subfield code="a">99929-0-472-0</subfield>
  </datafield>
  <datafield tag="035" ind1=" " ind2=" ">
    <subfield code="a">7139</subfield>
  </datafield>
  <datafield tag="040" ind1=" " ind2=" ">
    <subfield code="a">&#x421;&#x44D;&#x43B;&#x44D;&#x43D;&#x433;&#x44D; &#x430;&#x439;&#x43C;&#x433;&#x438;&#x439;&#x43D; &#x43D;&#x438;&#x439;&#x442;&#x438;&#x439;&#x43D; &#x43D;&#x43E;&#x43C;&#x44B;&#x43D; &#x441;&#x430;&#x43D;</subfield>
    <subfield code="b">mon</subfield>
    <subfield code="c">MN-UlNLM</subfield>
    <subfield code="d">MN-UlNLM</subfield>
    <subfield code="e">rda</subfield>
  </datafield>
  <datafield tag="041" ind1=" " ind2=" ">
    <subfield code="a">mon</subfield>
  </datafield>
  <datafield tag="042" ind1=" " ind2=" ">
    <subfield code="a">12262</subfield>
  </datafield>
  <datafield tag="084" ind1=" " ind2=" ">
    <subfield code="2">&#x41D;&#x421;&#x41D;&#x417;&#x410;</subfield>
    <subfield code="a">46.8</subfield>
    <subfield code="b">&#x421;-774</subfield>
  </datafield>
  <datafield tag="100" ind1=" " ind2=" ">
    <subfield code="a">&#x41A;&#x443;&#x43F;&#x43F;&#x44D;&#x440; &#x425;.</subfield>
  </datafield>
  <datafield tag="245" ind1=" " ind2="0">
    <subfield code="a">&#x425;&#x43E;&#x432;&#x43E;&#x440;&#x434;&#x441;&#x43E;&#x43D; &#x430;&#x43D; &#x430;&#x43C;&#x44C;&#x442;&#x430;&#x43D;</subfield>
  </datafield>
  <datafield tag="264" ind1=" " ind2=" ">
    <subfield code="a">&#x423;&#x43B;&#x430;&#x430;&#x43D;&#x431;&#x430;&#x430;&#x442;&#x430;&#x440;</subfield>
    <subfield code="b">&#x43C;&#x43E;&#x43D;&#x441;&#x443;&#x434;&#x430;&#x440;</subfield>
    <subfield code="c">2000</subfield>
  </datafield>
  <datafield tag="300" ind1=" " ind2=" ">
    <subfield code="a">32</subfield>
  </datafield>
  <datafield tag="336" ind1=" " ind2=" ">
    <subfield code="2">rdacontent</subfield>
    <subfield code="a">text</subfield>
    <subfield code="b">txt</subfield>
  </datafield>
  <datafield tag="337" ind1=" " ind2=" ">
    <subfield code="2">rdamedia</subfield>
    <subfield code="a">unmediated</subfield>
    <subfield code="b">n</subfield>
  </datafield>
  <datafield tag="338" ind1=" " ind2=" ">
    <subfield code="2">rdacarrier</subfield>
    <subfield code="a">volume</subfield>
    <subfield code="b">nc</subfield>
  </datafield>
  <datafield tag="650" ind1=" " ind2=" ">
    <subfield code="a">&#x410;&#x43C;&#x44C;&#x442;&#x430;&#x43D;  &#x425;&#x43E;&#x432;&#x43E;&#x440;&#x434;&#x441;&#x43E;&#x43D; &#x430;&#x43D; &#x430;&#x43C;&#x44C;&#x442;&#x430;&#x43D;</subfield>
  </datafield>
  <datafield tag="942" ind1=" " ind2=" ">
    <subfield code="2">NNA</subfield>
    <subfield code="c">BK</subfield>
  </datafield>
  <datafield tag="952" ind1=" " ind2=" ">
    <subfield code="0">0</subfield>
    <subfield code="1">0</subfield>
    <subfield code="4">0</subfield>
    <subfield code="6">bkmon</subfield>
    <subfield code="7">0</subfield>
    <subfield code="8">SE011</subfield>
    <subfield code="a">SE0143080</subfield>
    <subfield code="b">SE0143080</subfield>
    <subfield code="c">SE011</subfield>
    <subfield code="d">2024-05-26</subfield>
    <subfield code="g">4000.00</subfield>
    <subfield code="l">0</subfield>
    <subfield code="o">46.8  &#x421;-774</subfield>
    <subfield code="p">SE0147139-1</subfield>
    <subfield code="r">2024-05-26</subfield>
    <subfield code="t">6547</subfield>
    <subfield code="y">BK</subfield>
  </datafield>
  <datafield tag="952" ind1=" " ind2=" ">
    <subfield code="0">0</subfield>
    <subfield code="1">0</subfield>
    <subfield code="4">0</subfield>
    <subfield code="6">bkmon</subfield>
    <subfield code="7">0</subfield>
    <subfield code="8">SE011</subfield>
    <subfield code="a">SE0143080</subfield>
    <subfield code="b">SE0143080</subfield>
    <subfield code="c">SE011</subfield>
    <subfield code="d">2024-05-26</subfield>
    <subfield code="g">4000.00</subfield>
    <subfield code="l">0</subfield>
    <subfield code="o">46.8  &#x421;-774</subfield>
    <subfield code="p">SE0147139-2</subfield>
    <subfield code="r">2024-05-26</subfield>
    <subfield code="t">6546</subfield>
    <subfield code="y">BK</subfield>
  </datafield>
  <datafield tag="999" ind1=" " ind2=" ">
    <subfield code="c">706514</subfield>
    <subfield code="d">706571</subfield>
  </datafield>
</record>
